[Event "Biel GM 45th"]
[Site "Biel"]
[Date "2012.08.02"]
[Round "10"]
[White "Wang, Hao"]
[Black "Giri, Anish"]
[Result "1-0"]
[WhiteElo "2739"]
[BlackElo "2696"]
[Annotator "Stohl,I"]
[PlyCount "63"]
[EventDate "2012.07.23"]
[EventType "tourn"]
[EventRounds "10"]
[EventCountry "SUI"]
[EventCategory "21"]
[SourceTitle "CBM 150"]
[Source "ChessBase"]
[SourceDate "2012.09.14"]
[SourceVersion "1"]
[SourceVersionDate "2012.09.14"]
[SourceQuality "1"]

1. Nf3 (1. d4 Nf6 2. c4 g6 3. Nc3 d5 4. Nf3 Bg7 5. Qb3 dxc4 6. Qxc4 O-O 7. e4
a6 8. Be2 b5 9. Qb3 c5 10. dxc5 Be6 {is another way to reach the position from
the game. With the proper Grünfeld move order it arises one move earlier, than
via the Anglo-Grünfeld.} (10... Bb7 {is another option. White usually castles
here,} 11. e5 {is less dangerous:} Nfd7 12. Be3 Nxe5 13. Nxe5 Bxe5 14. O-O Qc7
15. f4 Bg7 16. a4 bxa4 17. Rxa4 e6 18. Qc2 Bc6 19. Ra2 Qb7 20. Bc4 Rd8 21. Qe2
Qb4 22. Rd1 Rxd1+ 23. Nxd1 Nd7 24. Rxa6 Rxa6 25. Bxa6 Bd4 26. Bc4 Qxc5 $15 {
Jakovenko,D (2729)-Sutovsky,E (2700)/RUS-chT/2012/})) 1... Nf6 2. c4 g6 3. Nc3
d5 4. Qa4+ Bd7 5. Qb3 dxc4 6. Qxc4 a6 7. d4 b5 8. Qb3 {The most usual and
topical retreat.} ({A rare alternative is} 8. Qd3 Bg7 (8... c5 9. dxc5 Nc6 10.
e4 Bg7 11. Be2 (11. h3 O-O 12. Be3 Qa5 13. Nd2 Be6 14. Be2 b4 (14... Rad8 $142
15. Qb1 Nd4 16. Bd1 Qb4 $132) 15. Nd5 Nxd5 16. exd5 Bf5 17. Nc4 Bxd3 18. Nxa5
Nxa5 19. Bxd3 Bxb2 20. Rd1 Bc3+ 21. Ke2 Rfd8 {Kabai,Z (2137)-Bea,B (2113)/
HUN-chT/2012/} 22. c6 Rxd5 23. c7 Rd6 24. Bf4 $16 {[%csl Gc7]}) 11... Qc7 12.
O-O Nb4 13. Qb1 Qxc5 {wins the pawn back, but gives White a lead in
development:} 14. a3 Nc6 15. Be3 Qd6 16. Rd1 Qb8 17. Qc1 Ng4 18. Bf4 $6 (18.
Bc5 Be6 19. Nd5 $36) (18. a4 $5 Nxe3 19. Qxe3 $36) 18... Qa7 19. Bg3 O-O 20. h3
Nge5 21. Nxe5 Nxe5 22. a4 bxa4 23. Rd5 $6 (23. Nxa4 Bb5 $11) 23... Nc6 24. Rxa4
Nd4 $36 {Molchanova,T (2368)-Grandelius,N (2540)/Stockholm/2009/}) 9. g3 b4 10.
Ne4 Nxe4 11. Qxe4 Bc6 12. Qf4 O-O 13. Bg2 Qd6 {Kramnik,V (2791)-Vachier
Lagrave,M (2715)/Hoogeveen/2011/ For more details see the notes to this game
in CBM 145. These notes are a sequel to my Anti-Grünfeld surveys from CBM 123
and 125.}) 8... c5 9. dxc5 Bg7 10. e4 O-O (10... Bc6 {is also mentioned in the
notes to Kramnik-Vachier Lagrave. Here an interesting try is} 11. Ne5 O-O 12.
f3 Nfd7 $1 (12... Qd4 $6 13. Nd3 Rd8 14. Qb4 Qd7 15. Be3 Bb7 16. Rd1 Nc6 17.
Qb3 Qc7 18. a4 Na5 19. Qc2 Nc4 20. Bf4 e5 21. Bc1 Bc6 22. b3 Na5 23. b4 Nc4 24.
Nf2 Qb7 25. axb5 axb5 26. Nxb5 $18 {Ilyuschenko,Y-Endsley,B (2194)/corr/2008/})
13. Nd3 Bb7 14. Be3 Nc6 15. Ne2 (15. Nb4 $5 e6 16. Rd1 Qe7 $132) 15... Na5 16.
Qc2 Nc4 17. Bd4 e5 (17... Bh6 $142 $1 $36) 18. Bf2 f5 19. Nc3 Bh6 {Kulkarni,V 
(2455)-Padhya,S (2236)/Mumbai/2012/} 20. Rd1 $1 $14) 11. Be2 Be6 (11... Bc6 {
went out of fashion mainly due to} 12. e5 Nfd7 13. Be3 Nxe5 14. Nxe5 Bxe5 15.
O-O e6 16. a4 $1 $14 {Gelfand,B (2733)-Svidler,P (2750)/Moscow 2006/ For more
details see Gelfand's notes in CBM 113. He also explains the difference in the
position of the bishops in comparison to the Jakovenko-Sutovsky game above and
why it favours White.}) 12. Qc2 Nbd7 {This continuation was mentioned already
in the notes to Kramnik-Vachier Lagrave; nowadays it's Black's main choice.}
13. Be3 (13. c6 Nb8 (13... Nb6 14. O-O $14) 14. Ng5 (14. O-O Nxc6 15. Nxb5 Nb4
(15... Nxe4 $5 16. Qxe4 Bd5 $11 {/=/+ is more enterprising.}) 16. Qa4 Nxa2 17.
Nbd4 Nxc1 18. Rfxc1 Bd7 19. Qc2 Qb6 20. e5 Rfc8 21. Bc4 Nd5 22. Qe4 e6 23. Bxd5
exd5 24. Qxd5 Rxc1+ 25. Rxc1 Rd8 $44 {[%csl Gd7,Gg7] /+/=,Hernandez Carmenates,
H (2573)-Mekhitarian,K (2488)/Sao Paulo/2009/}) 14... Nxc6 15. Nxe6 fxe6 16.
Be3 (16. Nxb5 Rc8 17. Nc3 Nd4 18. Qd3 Nd7 19. O-O Nc5 20. Qd1 (20. Qh3 Nxe2+
21. Nxe2 Qd3 22. Qxd3 Nxd3 23. Be3 Bxb2 24. Rad1 Rc2 25. Rxd3 Rxe2 26. Rfd1 e5
27. Kf1 Rc2 28. R3d2 Rxd2 29. Rxd2 Bc1 30. Rd3 Bxe3 31. Rxe3 Rc8 $11 {Volkov,S
(2623)-Areshchenko,A (2688)/EU-ch Plovdiv/2012/}) 20... Nxe2+ 21. Qxe2 Qd3 22.
Re1 Qxe2 23. Rxe2 Nd3 24. Kf1 Nxb2 25. Bxb2 Bxc3 26. Rd1 Bxb2 27. Rxb2 Rb8 28.
Rdb1 Rxb2 29. Rxb2 Rc8 $11 {Meier,G (2656)-Le Quang,L (2715)/Dortmund/2011/})
16... Nd4 17. Qd1 Nxe2 18. Qxe2 b4 19. Na4 Qa5 20. Nc5 b3+ 21. Qd2 Qxd2+ 22.
Kxd2 Rac8 23. f3 Rfd8+ 24. Ke1 Nd7 25. Nxb3 Bxb2 26. Rd1 Rc2 27. Kf1 Kf7 28.
Rd2 Rxd2 29. Bxd2 Rc8 $11 {Buhmann,R (2563)-Le Quang,L (2694)/Khanty-Mansiysk
olm/2010/}) 13... Rc8 (13... Ng4 $143 14. Bd4 Nde5 15. Nxe5 Nxe5 16. Rd1 Qa5
17. O-O Rfd8 18. Nd5 $1 $36 (18. b3 $4 Rxd4 19. Rxd4 Nc6 20. Rdd1 Bxc3 21. h3
Nd4 22. Qd3 Qxa2 $19 {Ezat,M (2471)-Sutovsky,E (2657)/WChT Bursa/2010/}) {/\}
18... Bxd5 19. exd5 Rxd5 $2 20. Bc3 $18) 14. Rd1 (14. c6 Rxc6 15. Nd4 Rd6 16.
Nxe6 Rxe6 17. O-O (17. Rd1 Qc7 18. Qb1 Ne5 19. f3 Nc4 20. Bxc4 Qxc4 21. Rc1 Qc6
22. Na4 Qa8 23. Nc5 Rc6 24. O-O Rfc8 25. Rfd1 Ne8 26. b3 Nd6 $11 {Volkov,S 
(2612)-Kurnosov,I (2674)/EU-ch Rijeka/2010/}) (17. f3 Qc7 (17... Qa5 $5 18. O-O
Rc8 $132) 18. Rc1 Rc8 19. Qb1 Rc6 20. O-O Nb6 21. a4 {Lalic,B (2469)-Gupta,A 
(2604)/Metz/2011/} Nc4 22. Bxc4 bxc4 $11) 17... Rc6 (17... Qc8 18. Rac1 Nxe4
19. Nxe4 Qxc2 20. Rxc2 Rxe4 21. Rd1 Nf6 22. Bf3 Re6 23. g3 h5 24. h3 Ne4 25.
Kg2 f5 26. Rd7 Bf6 27. b3 $44 {Tomashevsky,E (2727)-Petrosian,T (2788)/EU-chT
Novi Sad/2009/}) 18. Qb3 Nc5 (18... Qa5 $5 19. Nd5 Nxd5 20. exd5 Rc7 $11 {
Stamenkovic}) 19. Qb4 Nd3 20. Bxd3 Qxd3 21. Rad1 Qc4 22. Qxc4 Rxc4 23. f3 e6
24. Rd6 Ra8 25. Rfd1 Rcc8 26. Kf2 Bf8 27. R6d3 Bb4 28. a3 {Onischuk,A (2688)
-Rodshtein,M (2632)/Khanty-Mansiysk olm/2010/} Bxc3 29. Rxc3 Rxc3 30. bxc3 e5
31. Rd6 Ne8 32. Rc6 $11 {/+/=}) (14. O-O Nxc5 15. Rad1 Qc7 $11 {/\} 16. Ng5 Ng4
$1 17. Bxg4 Bxg4 18. f3 Be6) 14... b4 15. Nd5 (15. Na4 Qa5 16. O-O Nxe4 17.
Qxe4 (17. c6 Nd6 18. b3 Bd5 $6 (18... Rc7 $13) (18... Bf5 19. Bd3 Bg4 20. Be2
$11) 19. Rxd5 $1 Qxd5 20. Rc1 $44 Nb8 $6 (20... Qa5 $5 21. Qd2 Nf6 22. a3 $36)
21. c7 Nd7 22. Bxa6 Ra8 {Onischuk,A (2664)-Svidler,P (2746)/Foros/2008/} 23.
Rd1 $36 (23. Qc6 $5 $36)) 17... Qxa4 18. Ng5 Nxc5 19. Qh4 h6 20. Nxe6 Nxe6 21.
Bc4 Bf6 22. Qe4 Kg7 23. Bxe6 fxe6 24. Qxe6 Qc6 25. Qg4 Qc4 26. Qh3 h5 $11 {
Monacell,J (2465)-Rocca,H (2445)corr/2008/}) 15... Bxd5 16. exd5 Nxc5 17. O-O {
A very topical position in current GM practice. Krasenkow mentions it in his
article about the D97 line of the Grünfeld in CBM 139.} (17. Bxc5 $2 Qa5 $36)
17... a5 {This solid, if slightly passive move is not the only one:} ({At the
same time as this game was played Black tried the sortie} 17... Nce4 18. Qb1 $5
(18. Qd3 Qd6 19. Qxa6 (19. g3 Rfd8 20. Bf4 Qxd5 21. Qxa6 Qa8 $11) 19... Rc2 (
19... Ra8 $5 $44) 20. Bd4 Nc5 21. Qxd6 exd6 22. Bb5 Nfe4 23. Ne1 (23. Rc1 Rxc1
24. Rxc1 Ra8 $44) 23... Rd2 24. Bxg7 Rxd1 25. Bxf8 Kxf8 26. Nf3 Rxd5 27. Bc6
Rd3 28. Ra1 g5 $132 {Jakovenko,D (2722)-Svidler,P (2749)/RUS-ch Moscow/2012/})
(18. Qb3 Qd6 19. g3 Nc5 20. Qxb4 Nxd5 $13) 18... Nd6 (18... Qd6 19. Rd4 Nc5 20.
Rfd1 a5 21. Nd2 (21. Rc4 $5 $14) 21... Qd8 22. Rc4 Nb7 23. Bf3 Nd6 24. Rxc8
Qxc8 25. Nb3 Nf5 26. Nxa5 Nxe3 27. fxe3 Qc5 28. Nc6 {Gustafsson,J (2634)
-Schandorff,L (2497)/Helsingor/2011/} Bh6 $132) 19. Rfe1 Qa5 20. Nd4 Qxd5 21.
Bf3 (21. Nb5 Qe4 22. Nxd6 Qxb1 23. Rxb1 exd6 24. Bxa6 Rc7 25. a4 bxa3 26. bxa3
Ra8 27. Rb3 Nd7 28. Be2 Rc3 $11 {Karjakin,S (2766)-Svidler,P (2744)/RUS-chT
Sochi/2012/}) 21... Qe5 22. Nc6 Rxc6 23. Bxc6 Ng4 24. g3 Qh5 25. h4 Nxe3 26.
Rxe3 Qc5 27. Be4 Qb6 28. a4 Rc8 29. Re2 Bf6 30. Rc1 Rxc1+ 31. Qxc1 $14 {
Morozevich,A (2765)-Caruana,F (2767)/RUS-chT Sochi/2012/}) (17... Qd6 18. Rc1
Qb8 $1 (18... Nfd7 $2 19. Rfd1 Qb8 20. Nd4 Bxd4 21. Bxd4 a5 22. Qd2 Qd6 23. Qe3
Nb7 24. Rc6 $18 {Dziuba,M (2581)-Huerga Leache,M (2448)/ESP-chT Padron/2012/})
19. Bxc5 (19. Rfd1 b3 20. Qb1 Qd6 21. axb3 Ng4 22. Bxc5 Rxc5 23. Bc4 Rfc8 24.
h3 Ne5 25. Ng5 R5c7 26. Ne4 Qb6 27. Qa2 a5 28. d6 exd6 29. Rxd6 Qb4 $11 {
Antonsen,M (2457)-Schandorff,L (2494)/Helsingor/2012/}) 19... Nd7 20. Bxa6 Rxc5
21. Qd2 Qd6 22. Rxc5 Nxc5 23. Bc4 Na4 24. Bb3 Nc5 25. Bc4 (25. Qxb4 Nxb3 26.
Qxd6 exd6 27. axb3 Rb8 $44) 25... Na4 26. Bb3 {1/2,Onischuk,A (2669)-Caruana,F
(2712)/Poikovsky/2011/}) 18. Bb5 (18. Bc4 Qd6 19. Bd4 Ncd7 (19... Ng4 $5 $11)
20. Qe2 Ng4 21. Rfe1 Rfe8 22. Ba6 Ra8 23. Bb5 $14 {Aronian,L (2808)-Grischuk,A
(2747)/Candidates Kazan/2011/ For more details see Krasenkow's notes to this
game in CBM 143.}) 18... Nce4 19. Bc6 Qc7 $146 {[%mdl 8] With this novelty
Black starts toying with the idea of e6, only in the game he realises it at a
very unfortunate moment.} (19... Nd6 20. Qe2 Nf5 21. Bc5 {Possibly Wang Hao
intended to play} (21. Rfe1 Qc7 22. Rc1 Ng4 23. Bc5 Nd4 (23... Nh4 $5 24. g3
Nxf3+ 25. Qxf3 Ne5) 24. Bxd4 Bxd4 25. Rf1 Bf6 {1/2,Bluvshtein,M (2590)
-Mekhitarian,K (2528)/Moscow/2011/}) (21. Bg5 h6 22. Bxf6 Bxf6 23. Rfe1 Qc7 24.
Bb5 Rfd8 25. Ba6 Ra8 26. Rc1 Qd6 27. Bd3 Qxd5 28. Be4 Qxa2 29. Bxa8 Rxa8 $15 {
Belov,V (2627)-Gupta,A (2565)/Kavala 2009/}) 21... Qc7 (21... Nd7 $5 $11) 22.
Rc1 {, transposing to the game.}) 20. Rc1 Nd6 21. Qe2 Nf5 22. Bc5 Bh6 {This
move will soon prove redundant.} (22... Rfd8 $142 $5 23. Qa6 ({After} 23. Rfd1
{Black can perhaps afford} e6 $5 24. dxe6 Qxc6 25. exf7+ Kh8 26. Rxd8+ Rxd8 27.
Ng5 (27. g4 Nxg4 28. Rc4 Qd7 $5 29. Bb6 Ra8 30. Rxg4 Qxf7 $11) 27... Rd5 (27...
Rc8 28. Ne6 Nd7 29. h3 $44) 28. Ne6 Nd4 29. Nxd4 Rxc5 30. Re1 Qd6 31. Qe8+ Qf8
32. Qxf8+ Bxf8 33. Ne6 Rc8 34. g3 Nd7 $15 {[%cal Yf8h6,Yd7f8] - it seems that
he can gradually untangle his position.}) 23... Nd7 $1 $132) ({An even simpler
choice is} 22... Nd7 23. Rfd1 (23. Bxe7 $2 Rfe8 24. d6 Qxd6 25. Bxd6 Rxe2 26.
Bxb4 Bxb2 27. Bxa5 Bxc1 28. Bxd7 Ra8 $15) 23... Nxc5 24. Rxc5 Rfd8 $11) 23. Rc2
Rfd8 24. Rd1 e6 $2 {[%mdl 8192] Now this freeing attempt is a serious tactical
error, which lands Black in a heavily compromised position.} ({He should have
retraced his steps with} 24... Bg7 $1 25. Ne1 $5 (25. Qa6 $4 Qxc6 $19) {/\}
25... e6 26. Qa6 Nd7 27. Bxd7 Qxd7 28. Qxa5 b3 29. axb3 exd5 $14 {/<=>}) 25.
dxe6 $1 Rxd1+ (25... Qxc6 26. exf7+ Kh8 27. Rxd8+ Rxd8 28. Be7 Nxe7 (28... Qb6
29. Bxd8 Qxd8 30. g4 $1 Nd6 31. g5 $18)) 26. Qxd1 fxe6 (26... Qxc6 27. exf7+
Kh8 {loses material after} 28. Be7 $1 Nxe7 29. Rxc6 Nxc6 30. Qd6 Bg7 31. f8=Q+
Rxf8 32. Qxc6 $18) 27. Ba4 $16 {[%csl Ga4,Gc5,Re6][%cal Rc5b4] With his
vulnerable pawns and king, Black can't resist the bishop pair in the long run.}
Qd8 $6 ({A more resilient way was} 27... Qb7 28. Bb3 ({/\} 28. Qe2 Ne4) (28.
Bb6 $5 Rxc2 29. Qd8+ $40) 28... Re8 29. Qe2 $16) 28. Qe2 (28. Qe1 $5 Kf7 29.
Bb6 $18) 28... Ng7 (28... Kf7 29. h3 $5 $18 {[%cal Rg2g5,Rf3e5]}) 29. Ne5 $18 {
[%cal Re5c6,Rc6e7]} Ne4 (29... Qd5 30. Nc6 $1 Rxc6 31. Bxc6 Qxc6 32. Be3 $18) (
29... Nd5 30. Nc6 Qg5 31. Qa6 $18) 30. Nc6 Rxc6 31. Bxc6 Nxc5 32. Rxc5 {
Black is a full exchange down and one of his weak pawns (a5, e6) is bound to
fall soon.} 1-0

[Event "RUS-chT 12th"]
[Site "Sochi"]
[Date "2005.04.25"]
[Round "7"]
[White "Bareev, Evgeny"]
[Black "Sutovsky, Emil"]
[Result "1/2-1/2"]
[WhiteElo "2709"]
[BlackElo "2665"]
[Annotator "Stohl,I"]
[PlyCount "94"]
[EventDate "2005.04.19"]
[EventType "team-tourn"]
[EventRounds "11"]
[EventCountry "RUS"]
[SourceTitle "EXT 2020"]
[Source "ChessBase"]
[SourceDate "2019.10.17"]
[SourceVersion "1"]
[SourceVersionDate "2019.10.17"]
[SourceQuality "1"]
[WhiteTeam "Samara Termosteps"]
[BlackTeam "Saransk TPS"]
[WhiteTeamCountry "RUS"]
[BlackTeamCountry "RUS"]

1. d4 {Krasenkow,M} Nf6 2. c4 g6 3. Nc3 d5 4. Nf3 Bg7 5. Qb3 dxc4 6. Qxc4 O-O
7. e4 Na6 8. Be2 c5 9. d5 e6 10. O-O exd5 11. exd5 Nb4 (11... b6 12. Rd1 {
can lead to the same position, as now} (12. Qh4 Nxd5 13. Bg5 Qd6 $1 $146 14.
Rad1 Nac7 15. Nxd5 Nxd5 16. Bc4 Bb7 17. Rd2 (17. Rfe1 $5) 17... f6 18. Rfd1
fxg5 19. Nxg5 (19. Qxg5 $142 Qd8 20. Qe3 Qf6 21. Qb3 $1 $15) 19... Rf5 20.
Qxh7+ Kf8 21. Ne4 Qe6 22. Ng3 Re5 23. Rd3 Re1+ 24. Rxe1 Qxe1+ 25. Nf1 Nf6 26.
Qxg6 Qe8 $15 {Volkov,S-Sutovsky,E/Moscow Aeroflot/2005/}) 12... Nb4 {is the
most consistent move.}) 12. Rd1 (12. Bg5 Nbxd5 13. Rfd1 (13. Rad1 Nxc3 14. Rxd8
Nxe2+ 15. Qxe2 Rxd8 16. Qe7 Be6 17. Bxf6 Rd7 18. Qxc5 Bxf6 19. b3 b6 20. Qe3
Rd5 21. h3 Rad8 22. Re1 Kg7 $44 {1/2,Bareev,E-Svidler,P/RUS-ch Moscow/2004/})
13... Nxc3 14. Rxd8 Nxe2+ 15. Qxe2 Rxd8 16. Qe7 Be6 (16... Re8 17. Qxc5 Ne4 18.
Qb5 $16) 17. Qxb7 Rdb8 18. Qc6 Rc8 19. Qa6 Nd5 20. Re1 Nb4 21. Qd6 Bxa2 22. h4
h6 23. Be7 Rc6 24. Qd2 a5 25. Bd8 Rcc8 26. Be7 {Beliavsky,A-Kurnosov,I/EUR-ch
Warsaw/2005/} c4 $5 $13 {/\Nd3}) 12... b6 {Krasenkow,M: 'This line was
examined in detail in CBM104, annotations to Bareev - Svidler.'} 13. Qb3 $5 {
[%csl Rb4] Black's main problem in the 7...Na6 lines is the activation of his
offside N, Bareev's less-known move shows it's not going to be so simple... He
had definitely prepared it at home, as this position already arose between the
same opponents:} ({After} 13. Qh4 Nc2 14. Rb1 Bf5 15. Bg5 Nd4 16. Rbc1 h6 17.
Bxh6 Nxd5 18. Bg5 Nxc3 $1 19. Nxd4 Qxd4 $1 20. bxc3 Qxh4 21. Bxh4 Bh6 22. Ra1
Bg7 23. Rac1 Bh6 24. Ra1 Rae8 25. Bb5 Re4 $15 {Bareev,E-Sutovsky,E/EUCup
Chalkidiki/2002/ Black had a better _|_ due to his more compact P-structure.})
(13. Bg5 h6 14. Bxf6 Bxf6 15. Qb3 Re8 16. Rd2 Bg4 17. Rad1 a5 (17... Bxf3 $5
18. Bxf3 Nc6 $1 19. d6 Nd4 20. Rxd4 Bxd4 21. Bxa8 Qxa8 22. Nb5 Qe4 $132) 18. h3
a4 19. Qc4 Bd7 20. a3 Na6 21. d6 Kg7 22. Nd5 b5 23. Qg4 Ra7 24. Kf1 Rb7 25. Bd3
Bg5 26. Nxg5 Qxg5 27. Qf3 Bc6 28. Be4 Qe5 29. Qf6+ $1 $18 {Gyimesi,
Z-Iordachescu,V/ROM-chT Tusnad/2005/}) 13... Bf5 14. Ne1 $8 {[%cal Ra2a3] /\a3
Not a very pretty move, but it's forced and on the other hand Black must
reckon with a3.} Re8 $146 {[%mdl 8] Sutovsky was surprised and he comes up
with a possibly unintentional novelty. Krasenkow,M: 'GM Emil Sutovsky improves
on Black's play in the following game: '} ({Earlier games featured} 14... Ng4 {
Even more ambitious is the patient} 15. Bf4 $5 (15. h3 Ne5 16. a3 (16. f4 Nd7
17. g4 {[%csl Rg1] ׻Kg1} Re8 $1 $132 {and Black's tactical chances can't be
underestimated.}) 16... Nbd3 $1 17. Bxd3 Bxd3 18. Nxd3 c4 19. Qa2 cxd3 20. f4
Nf3+ (20... Nd7 $142 $44 {/+/=} 21. Be3) 21. gxf3 Qh4 22. Kg2 Bd4 23. Ne4 $1
$16 (23. Rf1 $6 Rfe8 24. Ne4 Rac8 25. Bd2 Rc2 26. Rad1 Qxf4 27. Rf2 Qh4 28.
Rdf1 Rxe4 29. fxe4 Qxe4+ 30. Kh2 Bxf2 31. Rxf2 Rxd2 32. Rxd2 Qf4+ 33. Kg1 Qxd2
{0-1,Saruhanjan,M-Notkin,M/Moscow op/1996/})) (15. a3 Re8 $5 16. axb4 (16. Bxg4
Bxg4 {leads to the same position, as White can't afford} 17. f3 $2 Bd4+ 18. Kh1
Qh4 $19) 16... Bxc3 17. Bxg4 Bxg4 18. bxc3 Bxd1 19. Qxd1 Qxd5 20. Bd2 $14 {/+/-
}) 15... Bd4 16. Bg3 $36 Qf6 17. Rxd4 $1 (17. a3 {'?!' Krasenkow,M. Krasenkow,
M: 'missing a strong shot'} Nxf2 18. Rxd4 cxd4 19. Bxf2 $6 dxc3 20. bxc3 Qe5 {
'-/+' Krasenkow,M. Krasenkow,M: '1/2-1/2 Nikitin,A-Sergienko,S/Smolensk 2000/
CBM 077 (55)'} 21. Bf3 $6 Na6 22. g4 Be4 $17 {Nikitin,A-Sergienko,S/RUS-chT
Smolensk/2000/}) 17... cxd4 (17... Qxd4 18. Rd1 {[%cal Ra2a3] /\a3+/-} Qf6 {
Krasenkow,M} 19. a3) 18. Bxg4 dxc3 (18... Bxg4 $6 19. Ne4 $18 (19. Qxb4 {
Krasenkow,M} dxc3 (19... a5 20. Ne4) 20. Qxg4 cxb2 21. Rb1 $16)) 19. Bxf5 cxb2
20. Rd1 $16 Nxd5 {Krasenkow,M} 21. Rxd5 gxf5 22. Be5 $18) ({A possible
improvement is the simple} 14... a5 $5 15. Bb5 (15. a3 a4 $1 16. Nxa4 Nbxd5 $11
{is OK for Black:} 17. Bf3 c4 $1 18. Qxc4 b5 19. Qxb5 Bd7 $36) 15... Bg4 16. f3
Bd7 $132 {[%csl Ra5,Rb6,Rc5,Re1,Rf3] Although Black has weakened his <<,
White's pieces lack coordination and both the Ne1 and Pf3 are no beauties
either.}) 15. Bg5 $1 {Bareev is in no hurry.} ({Definitely premature is} 15. a3
$6 {Krasenkow,M: 'is not too successful:'} Nbxd5 $1 16. Nxd5 (16. Bf3 $2 {
'?!' Krasenkow,M.} Qe7 $1 $17 {[%cal Re7e1] /\Qe1} 17. Bd2 {Krasenkow,M} Nxc3)
(16. Bb5 {Krasenkow,M} Bd7 $1 17. Nxd5 (17. Bg5 $6 Bxb5 18. Nxb5 Qe7) (17. Bxd7
Qxd7 18. Bg5 c4 19. Qxc4 Qc7 $11) 17... Nxd5 18. Bg5 $1 Qxg5 19. Bxd7 (19. Rxd5
Be6 $1 20. Rxg5 Bxb3 21. Bxe8 Rxe8 $17) 19... Nf4 20. Bxe8 Rxe8 $44) 16... Rxe2
17. Nf4 Qe8 18. Nxe2 Qxe2 $44 {|^}) 15... Qd6 $2 {Now Black loses material.
Krasenkow,M: 'Just not caring of the b4 knight!'} (15... h6 $142 16. Bh4 (16.
Bxf6 {Krasenkow,M} Bxf6 17. Bb5 Bd7 18. a3 Bxb5 19. Nxb5 Na6 $13) 16... Qc8 17.
Bb5 $36 (17. a3 $6 Nbxd5 18. Nxd5 Nxd5 19. Bc4 Re4 20. Bxd5 Rxh4 21. Nf3 Re4
$44 {/\} 22. Bxf7+ Kh7 23. Bd5 Be6 $11)) 16. a3 Ng4 (16... h6 17. Be3 $1 (17.
Bh4 Ne4 $132 {is less convincing.}) 17... Ng4 18. Bxg4 Bxg4 19. axb4 Bxd1 20.
Rxd1 cxb4 21. Nb5 $16 {/+-}) 17. Bxg4 Bxg4 18. f3 Bf5 (18... Bd4+ 19. Kh1 Rxe1+
20. Rxe1 Nd3 21. Ne4 $18) 19. axb4 cxb4 {Krasenkow,M: 'Black has sacrificed
the piece "just for nothing": for quick development and an active position.
"In theory" it's not enough but "in practice" it is easier to play such
positions with Black than consolidate them with White. However, this
particular sacrifice is too dubious and White was very close to winning the
game later on. '} 20. Ne4 Bxe4 21. fxe4 Rxe4 22. Nf3 Re2 23. Rd2 $18 {The 2 P
and Black's can't fully compensate White's extra piece, Bareev should win
after overcoming some technical problems.} Qc5+ 24. Kh1 Rxd2 25. Bxd2 (25. Nxd2
$5 {Krasenkow,M} Qd4 $5 26. Rb1) 25... a5 26. Rc1 (26. Bf4 {[%cal Ca8d8,Cc5d5,
Yd5d6,Yf4e5] Krasenkow,M must be enough to win.}) 26... a4 27. Qd3 ({After} 27.
Rxc5 {Krasenkow,M} axb3 {Black's triple(!) pawns are amazingly dangerous:} 28.
Rc4 (28. Rc1 Bxb2 29. Rb1 Bc3 $1 {[%cal Yb3b2]}) 28... Bxb2 {[%cal Cc4b4,Yb2c3]
} 29. Rxb4 Ra1+ 30. Ng1 (30. Ne1 Rd1) 30... Bd4 31. Rxd4 b2 32. Rb4 b1=Q 33.
Rxb1 Rxb1 $15 {_|_}) 27... Qd6 (27... Qf8 $5 {Krasenkow,M}) 28. Qb5 (28. Rc6 $5
{'>=' Krasenkow,M.} Qd8 {Krasenkow,M} 29. Bxb4 Bxb2 30. Qc4 a3 31. Qa2 {
keeping winning chances.}) 28... Bxb2 29. Bxb4 Qf6 {'?' Krasenkow,M.} (29...
Qb8 {Krasenkow,M} 30. Rd1 a3 $132 {- the unblocked a3 pawn is very dangerous.})
30. Qxa4 $2 {[%mdl 8192] A grave miscalculation, which throws away White's
advantage.  Krasenkow,M: 'A terrible blunder giving away an easy win:'} (30.
Re1 $1 h6 (30... Qd8 31. Be7 $18) (30... Kg7 {Krasenkow,M} 31. Re8 $1 Rxe8 32.
Qxe8 $18 {[%cal Re8a4,Re8f8]}) (30... h5 {Krasenkow,M} 31. Re8+ Rxe8 32. Qxe8+
Kh7 33. Qxa4 $18) 31. Re8+ Rxe8 32. Qxe8+ Kg7 33. Qxa4 $18 {and Black loses
his last dangerous P.}) 30... Qd8 $1 {Black wins back all the missing material.
} (30... Rxa4 $2 31. Rc8+ Kg7 32. Bf8+ Kg8 33. Bh6+ $18) 31. Qd1 Bxc1 32. Qxc1
Qxd5 {Krasenkow,M: 'The black king is not completely safe but it only means
that White can reach a draw avoiding the exchange of queens.'} 33. h3 b5 $11
34. Qe3 Qe6 35. Qc5 Qc4 36. Qe7 Qc1+ 37. Ng1 Qc6 38. Nf3 Qc1+ 39. Be1 Qf4 40.
Qc5 Qc4 41. Qb6 Ra2 42. Kh2 Qf4+ 43. Kg1 Ra1 44. Kf2 Ra2+ 45. Kf1 h6 46. Qxb5
Qe3 47. h4 Rc2 {Although Black lost his o^b5, his pieces are so active, that
White can make progress only by exchaging Q. However, this leads to a clearly
drawn _|_.} 1/2-1/2